000 00747nam a2200253Ia 4500
003 OSt
005 20220928115707.0
006 a|||||r|||| 00| 0
007 ta
008 220927b |||||||| |||| 00| 0 eng d
024 _a54780
037 _cTextual
040 _aSDCL
_cSDCL
_beng
041 _2eng
_aeng
082 _aY:65.212'P, P0
100 _aOsella Filippo
_9445611
245 0 _aSocial mobility in Kerala
_b Modernity and identity in conflict
260 _aLondon
_bPluto Press
_c2000
300 _axi,320p
_ccm.
490 _aAnthropology culture and society
700 _a Osella Caroline
_9445612
942 _hY:65.212'P, P0
_cTEXL
_2CC
999 _c760524
_d760524